[Event "UKR-chT Clubs"]
[Site "Alushta"]
[Date "2011.05.19"]
[Round "7.5"]
[White "Zubarev, Alexander2222"]
[Black "Fish, Alexandr"]
[Result "1-0"]
[WhiteElo "2600"]
[BlackElo "1958"]
[PlyCount "57"]
[EventDate "2011.05.13"]
[EventType "team-tourn"]
[EventRounds "9"]
[EventCountry "UKR"]
[SourceTitle "CBM 142 Extra"]
[Source "ChessBase"]
[SourceDate "2011.06.27"]
[SourceVersion "1"]
[SourceVersionDate "2011.06.27"]
[SourceQuality "1"]
[WhiteTeam "Chernigov DAN"]
[BlackTeam "Simferopol"]
[WhiteTeamCountry "UKR"]
[BlackTeamCountry "UKR"]

1. e4 c5 2. Nf3 Nc6 3. Nc3 d6 4. d4 cxd4 5. Nxd4 e5 6. Nf3 Be7 7. Be2 Nf6 8. 0-0 0-0 9. Re1 Be6 10. Bf1 Nd7 11. Nd5 Bxd5 12. Qxd5 Kh8 13. c3 Nc5 14. Be3 Qc7 15. Rad1 Rad8 16. a3 Nd7 17. Qa2 f5 18. exf5 Rxf5 19. Bd3 Rff8 20. Qb1 d5 21. Bxh7 e4 22. Rxd5 exf3 23. Rh5 Nf6 24. Rh3 Ne5 25. Bf4 Bd6 26. Bxe5 Bxe5 27. Bf5+ Kg8 28. Be6+ Rf7 29. Qg6 1-0

[Event "UKR-chT Clubs"]
[Site "Alushta"]
[Date "2011.05.13"]
[Round "1.3"]
[White "Fish, Alexandr"]
[Black "Biriukov, Nikolai"]
[Result "0-1"]
[WhiteElo "1958"]
[BlackElo "2426"]
[PlyCount "44"]
[EventDate "2011.05.13"]
[EventType "team-tourn"]
[EventRounds "9"]
[EventCountry "UKR"]
[SourceTitle "CBM 142 Extra"]
[Source "ChessBase"]
[SourceDate "2011.06.27"]
[SourceVersion "1"]
[SourceVersionDate "2011.06.27"]
[SourceQuality "1"]
[WhiteTeam "Simferopol"]
[BlackTeam "Crimea Gaz"]
[WhiteTeamCountry "UKR"]
[BlackTeamCountry "UKR"]

1. e4 c5 2. Nf3 Nc6 3. d4 cxd4 4. Nxd4 e5 5. Nb5 d6 6. N1c3 a6 7. Na3 Be7 8. Nc4 b5 9. Ne3 Nf6 10. Ned5 0-0 11. Bd3 Nd7 12. Be3 Bg5 13. Qd2 Bxe3 14. Nxe3 Nc5 15. Ncd5 Qh4 16. Nb6 Rb8 17. Nxc8 Rfxc8 18. Nf5 Qf6 19. c3 d5 20. Ng3 d4 21. cxd4 Nxd3+ 22. Qxd3 Nb4 0-1

[Event "UKR-chT 17th"]
[Site "Alushta"]
[Date "2010.05.20"]
[Round "11.5"]
[White "Tukhaev, Adam"]
[Black "Fish, Alexandr"]
[Result "1-0"]
[WhiteElo "2534"]
[BlackElo "1869"]
[PlyCount "75"]
[EventDate "2010.05.13"]
[EventType "team-tourn"]
[EventRounds "11"]
[EventCountry "UKR"]
[SourceTitle "EXT 2019"]
[Source "ChessBase"]
[SourceDate "2018.10.10"]
[SourceVersion "1"]
[SourceVersionDate "2018.10.10"]
[SourceQuality "1"]
[WhiteTeam "Rivne Bisons"]
[BlackTeam "Krim KRDY"]
[WhiteTeamCountry "UKR"]
[BlackTeamCountry "UKR"]

1. e4 e5 2. Nf3 Nc6 3. Bb5 Nd4 4. Nxd4 exd4 5. 0-0 Bc5 6. Bc4 d6 7. d3 Ne7 8. Bg5 0-0 9. Nd2 Kh8 10. Bh4 c6 11. Bb3 d5 12. exd5 cxd5 13. Qh5 Be6 14. Ne4 Rc8 15. Nxc5 Rxc5 16. Qe5 Nc6 17. Bxd8 Nxe5 18. Be7 Rfc8 19. Bxc5 Rxc5 20. h3 g6 21. f4 Nc6 22. g4 f5 23. Rae1 Nd8 24. gxf5 gxf5 25. Rf3 Kg7 26. c3 dxc3 27. d4 Rc7 28. Rxc3 Rd7 29. Ba4 Re7 30. Rc8 Nf7 31. Re8 Kf6 32. Rxe7 Kxe7 33. Bc2 Kf6 34. Bd3 Nd8 35. Kf2 a6 36. Ke3 h6 37. Rc1 Nc6 38. Bxa6 1-0

[Event "UKR-ch sf U14"]
[Site "Nikolaev"]
[Date "2006.11.08"]
[Round "7"]
[White "Fish, Alexandr"]
[Black "Soloviov, Konstantin"]
[Result "0-1"]
[WhiteElo "1958"]
[BlackElo "2066"]
[PlyCount "78"]
[EventDate "2006.11.02"]
[EventType "swiss"]
[EventRounds "9"]
[EventCountry "UKR"]
[SourceTitle "EXT 2023"]
[Source "ChessBase"]
[SourceDate "2022.10.05"]
[SourceVersion "1"]
[SourceVersionDate "2022.10.05"]
[SourceQuality "1"]

1. e4 e5 2. Nf3 Nc6 3. Bb5 Nf6 4. d4 Be7 5. d5 Nb8 6. Nc3 c6 7. dxc6 bxc6 8. Bc4 d6 9. h3 0-0 10. 0-0 Bb7 11. Bb3 Nbd7 12. Be3 Qc7 13. Qe2 d5 14. exd5 cxd5 15. Bg5 d4 16. Nd1 a5 17. Bc4 Rac8 18. b3 Bd6 19. c3 Ne4 20. Bd2 Rfe8 21. Qd3 Rcd8 22. cxd4 Ndf6 23. Rc1 Bc5 24. d5 Ng3 25. Re1 e4 26. Qc3 exf3 27. Rxe8+ Rxe8 28. Qxf3 Nge4 29. Be3 Bxe3 30. Nxe3 Nxd5 31. Nxd5 Bxd5 32. Qf5 Bxc4 33. Rxc4 Qe7 34. Qxa5 h6 35. b4 Nd2 36. Rf4 Qd6 37. Qf5 Re1+ 38. Kh2 Nf1+ 39. Kg1 Ng3+ 0-1

[Event "UKR-ch sf U14"]
[Site "Nikolaev"]
[Date "2006.11.04"]
[Round "3"]
[White "Fish, Alexandr"]
[Black "Podolsky, Anton"]
[Result "0-1"]
[WhiteElo "1958"]
[BlackElo "2105"]
[PlyCount "44"]
[EventDate "2006.11.02"]
[EventType "swiss"]
[EventRounds "9"]
[EventCountry "UKR"]
[SourceTitle "EXT 2023"]
[Source "ChessBase"]
[SourceDate "2022.10.05"]
[SourceVersion "1"]
[SourceVersionDate "2022.10.05"]
[SourceQuality "1"]

1. e4 c5 2. Nc3 Nc6 3. f4 e6 4. Nf3 a6 5. d4 cxd4 6. Nxd4 Qb6 7. Nxc6 bxc6 8. Qd3 Bc5 9. Nd1 Nf6 10. h3 d5 11. e5 Ne4 12. Be3 0-0 13. Be2 a5 14. Qb3 Qa7 15. Bxc5 Qxc5 16. Bd3 Ba6 17. Bxe4 dxe4 18. Qc3 Qb5 19. Qe3 Rad8 20. b3 a4 21. c4 Qb4+ 22. Qc3 Rxd1+ 0-1